[Event "42. Open Ciutat de Badalona 2016"]
[Site "Badalona ESP"]
[Date "2016.08.02"]
[Round "1.1"]
[White "Blasco Coll, Andreu"]
[Black "Cordova, Emilio"]
[Result "0-1"]
[WhiteElo "2143"]
[BlackElo "2627"]
[PlyCount "50"]
[EventDate "2016.08.02"]
[EventType "swiss"]
[EventRounds "9"]
[EventCountry "ESP"]
[SourceTitle "Ajedrez en Madrid"]
[Source "lmi"]
[SourceDate "2016.08.02"]
[SourceVersion "1"]
[SourceVersionDate "2018.07.18"]
[SourceQuality "1"]

1. d4 Nf6 2. c4 c5 3. d5 a6 4. Nc3 b5 5. cxb5 axb5 6. Nxb5 Qa5+ 7. Nc3 Ne4 8.
Bd2 Nxd2 9. Qxd2 g6 10. g3 Bg7 11. Bg2 d6 12. Nf3 Nd7 13. Qc2 Nb6 14. Nd2 Na4
15. Nxa4 Qxa4 16. b3 Qa5 17. Rc1 Qxa2 18. O-O O-O 19. Nc4 Qxc2 20. Rxc2 Ra6 21.
Rb1 Bd7 22. Be4 Rb8 23. Kg2 Rb4 24. Bd3 Ra8 25. e3 Bc8 0-1

[Event "42. Open Ciutat de Badalona 2016"]
[Site "Badalona ESP"]
[Date "2016.08.02"]
[Round "1.3"]
[White "Snehal, Bhosale"]
[Black "Ortiz Suarez, Isan Reynaldo"]
[Result "0-1"]
[WhiteElo "2142"]
[BlackElo "2564"]
[PlyCount "100"]
[EventDate "2016.08.02"]
[EventType "swiss"]
[EventRounds "9"]
[EventCountry "ESP"]
[SourceTitle "Ajedrez en Madrid"]
[Source "lmi"]
[SourceDate "2016.08.02"]
[SourceVersion "1"]
[SourceVersionDate "2018.07.18"]
[SourceQuality "1"]

1. d4 f5 2. g3 Nf6 3. Bg2 g6 4. Nf3 Bg7 5. c4 O-O 6. Nc3 d6 7. O-O c6 8. b3 Na6
9. Bb2 Qc7 10. d5 e5 11. dxe6 Nc5 12. Nd4 Nxe6 13. Rc1 Nxd4 14. Qxd4 Ne4 15.
Qd3 Be6 16. Rc2 Nc5 17. Qd2 a5 18. Rd1 Rad8 19. e3 g5 20. Ne2 a4 21. b4 Bxb2
22. Rxb2 Ne4 23. Qc1 Qf7 24. f3 Nf6 25. Nd4 Bc8 26. e4 fxe4 27. Qxg5+ Kh8 28.
fxe4 Qxc4 29. Rf2 Ng4 30. Nf5 Rg8 31. Qh4 Bxf5 32. Rxf5 Rd7 33. Rg5 Ne3 34.
Rxg8+ Qxg8 35. Bh3 Nxd1 36. Bxd7 Qf8 37. Bf5 h6 38. Qh5 Ne3 39. Qg6 Nxf5 40.
exf5 Qg7 41. Qxd6 Qa1+ 42. Kg2 Qxa2+ 43. Kh3 Qf7 44. g4 a3 45. f6 a2 46. Qd4
Kg8 47. Kh4 Qd5 48. Qb2 Kf7 49. Qe2 Qe6 50. Qb2 Qxf6+ 0-1

[Event "42. Open Ciutat de Badalona 2016"]
[Site "Badalona ESP"]
[Date "2016.08.02"]
[Round "1.4"]
[White "Gomez Garrido, Camilo Ernesto"]
[Black "Ventos, Liberto"]
[Result "1/2-1/2"]
[WhiteElo "2560"]
[BlackElo "2133"]
[PlyCount "98"]
[EventDate "2016.08.02"]
[EventType "swiss"]
[EventRounds "9"]
[EventCountry "ESP"]
[SourceTitle "Ajedrez en Madrid"]
[Source "lmi"]
[SourceDate "2016.08.02"]
[SourceVersion "1"]
[SourceVersionDate "2018.07.18"]
[SourceQuality "1"]

1. e4 g6 2. d4 Bg7 3. Nf3 a6 4. Bc4 c5 5. dxc5 Qa5+ 6. c3 Qxc5 7. Qb3 e6 8. Be3
Qc6 9. Nbd2 b5 10. Bd3 Nf6 11. a4 bxa4 12. Rxa4 d5 13. Nd4 Qb7 14. f3 Nbd7 15.
Qxb7 Bxb7 16. N4b3 Ne5 17. Be2 dxe4 18. fxe4 Bc6 19. Rxa6 Rxa6 20. Bxa6 Nxe4
21. Nd4 Bd5 22. Bb5+ Ke7 23. N2f3 Nc4 24. Bc1 Rc8 25. O-O e5 26. Ba6 Ra8 27.
Nc6+ Bxc6 28. Bxc4 Nd6 29. Be2 Bd5 30. Rd1 Bb3 31. Re1 Rc8 32. Ba6 Rc5 33. Be3
Ra5 34. Bf1 Ra2 35. Bc1 f6 36. Nd2 Be6 37. Nf3 g5 38. Bd3 g4 39. Nd2 f5 40. g3
e4 41. Be2 Bh6 42. Rd1 Be3+ 43. Kf1 h5 44. Ke1 f4 45. gxf4 Bxf4 46. Nxe4 Bxc1
47. Rxd6 Bxb2 48. Rxe6+ Kxe6 49. Bc4+ Ke5 1/2-1/2

[Event "42. Open Ciutat de Badalona 2016"]
[Site "Badalona ESP"]
[Date "2016.08.02"]
[Round "1.5"]
[White "Jimenez Ruano, Adrian"]
[Black "Cruz, Cristhian"]
[Result "0-1"]
[WhiteElo "2133"]
[BlackElo "2533"]
[PlyCount "66"]
[EventDate "2016.08.02"]
[EventType "swiss"]
[EventRounds "9"]
[EventCountry "ESP"]
[SourceTitle "Ajedrez en Madrid"]
[Source "lmi"]
[SourceDate "2016.08.02"]
[SourceVersion "1"]
[SourceVersionDate "2018.07.18"]
[SourceQuality "1"]

1. d4 e6 2. c4 Bb4+ 3. Nc3 b6 4. e3 Bb7 5. Nf3 f5 6. Bd3 Nf6 7. O-O O-O 8. Ne1
d6 9. Qc2 Nbd7 10. f3 Bxc3 11. bxc3 Qe7 12. e4 fxe4 13. fxe4 e5 14. d5 Nc5 15.
Bg5 h6 16. Bxf6 Rxf6 17. Rxf6 Qxf6 18. Qe2 Rf8 19. Nf3 Bc8 20. Rf1 Bg4 21. h3
Bxf3 22. Rxf3 Qg5 23. Rxf8+ Kxf8 24. Bc2 Ke7 25. Qf2 g6 26. h4 Qc1+ 27. Kh2
Qf4+ 28. Kg1 a5 29. Qe1 Nd7 30. Qf2 Qc1+ 31. Kh2 Nf6 32. Kg3 h5 33. Kf3 Ng4 0-1

[Event "42. Open Ciutat de Badalona 2016"]
[Site "Badalona ESP"]
[Date "2016.08.02"]
[Round "1.6"]
[White "Gonzalez Garcia, Jose"]
[Black "Dave, Dhyani"]
[Result "1-0"]
[WhiteElo "2498"]
[BlackElo "2128"]
[PlyCount "130"]
[EventDate "2016.08.02"]
[EventType "swiss"]
[EventRounds "9"]
[EventCountry "ESP"]
[SourceTitle "Ajedrez en Madrid"]
[Source "lmi"]
[SourceDate "2016.08.02"]
[SourceVersion "1"]
[SourceVersionDate "2018.07.18"]
[SourceQuality "1"]

1. Nf3 d5 2. g3 Nf6 3. Bg2 c6 4. c4 Bg4 5. Ne5 Be6 6. cxd5 Bxd5 7. Nf3 c5 8.
Nc3 Bc6 9. O-O e6 10. d3 Nbd7 11. e4 e5 12. a3 Be7 13. Rb1 Qa5 14. Nh4 O-O 15.
Nf5 Qd8 16. b4 cxb4 17. axb4 Nb6 18. f4 exf4 19. Bxf4 Rc8 20. Bg5 Bd7 21. Nxe7+
Qxe7 22. Qd2 Qd6 23. Bxf6 gxf6 24. d4 Rc4 25. Nd5 Nxd5 26. exd5 Rfc8 27. Be4 f5
28. Bxf5 Qxd5 29. Qg5+ Kh8 30. Qf6+ Kg8 31. Bxh7+ Kf8 32. Rbd1 R8c6 33. Qh8+
Ke7 34. Be4 Qg5 35. Bxc6 Qe3+ 36. Rf2 Rxc6 37. Qh4+ Ke8 38. d5 Rh6 39. Qf4 Qxf4
40. Rxf4 Rd6 41. Kf2 Ba4 42. Re1+ Kf8 43. Ra1 b5 44. Rf5 Bb3 45. Rxa7 Bxd5 46.
h4 Bc4 47. Ra8+ Ke7 48. Rb8 Rd2+ 49. Ke3 Rd3+ 50. Kf4 Rd4+ 51. Ke3 Rd3+ 52. Kf4
Rd4+ 53. Ke5 Rd7 54. Rb6 Be6 55. Rxe6+ fxe6 56. Rg5 Kf7 57. Ke4 Rd1 58. Rxb5
Rg1 59. Kf4 Kf6 60. Rc5 Rb1 61. Rc4 Rf1+ 62. Ke3 e5 63. g4 Rh1 64. Rc6+ Kg7 65.
h5 Kf7 1-0

[Event "42. Open Ciutat de Badalona 2016"]
[Site "Badalona ESP"]
[Date "2016.08.02"]
[Round "1.7"]
[White "Aliaga Fernandez, Ingrid Y"]
[Black "Vera Siguenas, Deivy"]
[Result "0-1"]
[WhiteElo "2119"]
[BlackElo "2496"]
[PlyCount "74"]
[EventDate "2016.08.02"]
[EventType "swiss"]
[EventRounds "9"]
[EventCountry "ESP"]
[SourceTitle "Ajedrez en Madrid"]
[Source "lmi"]
[SourceDate "2016.08.02"]
[SourceVersion "1"]
[SourceVersionDate "2018.07.18"]
[SourceQuality "1"]

1. e4 e5 2. Nf3 d6 3. d4 Nd7 4. Nc3 Ngf6 5. a4 Be7 6. Bc4 O-O 7. h3 c6 8. O-O
b6 9. Qe2 Bb7 10. dxe5 dxe5 11. Bg5 h6 12. Be3 Bb4 13. Na2 Bc5 14. Bxc5 Nxc5
15. Nc3 Re8 16. Rad1 Qc7 17. Nh4 Bc8 18. Rd2 a6 19. b4 Ne6 20. Bxe6 Bxe6 21.
Rfd1 b5 22. axb5 axb5 23. Nf5 Ra3 24. Nb1 Ra4 25. c3 Bxf5 26. exf5 e4 27. Rd6
Nd5 28. R6xd5 cxd5 29. Qxb5 Raa8 30. Qxd5 Red8 31. Qb3 Rxd1+ 32. Qxd1 Qf4 33.
g3 Qxf5 34. Nd2 e3 35. fxe3 Ra2 36. Qf1 Qc2 37. Nf3 Qxc3 0-1

[Event "42. Open Ciutat de Badalona 2016"]
[Site "Badalona ESP"]
[Date "2016.08.02"]
[Round "1.8"]
[White "Oliva Castaneda, Kevel"]
[Black "Dahale, Atul"]
[Result "1/2-1/2"]
[WhiteElo "2491"]
[BlackElo "2115"]
[PlyCount "115"]
[EventDate "2016.08.02"]
[EventType "swiss"]
[EventRounds "9"]
[EventCountry "ESP"]
[SourceTitle "Ajedrez en Madrid"]
[Source "lmi"]
[SourceDate "2016.08.02"]
[SourceVersion "1"]
[SourceVersionDate "2018.07.18"]
[SourceQuality "1"]

1. d4 Nf6 2. c4 e6 3. g3 Be7 4. Bg2 d5 5. Nf3 O-O 6. O-O b6 7. Nc3 Bb7 8. Ne5
c6 9. e4 Nbd7 10. Nxc6 Bxc6 11. exd5 exd5 12. cxd5 Bb7 13. d6 Bxg2 14. dxe7
Qxe7 15. Kxg2 Rfd8 16. Re1 Qb4 17. d5 Rac8 18. a3 Qc4 19. Qf3 Re8 20. Bf4 Nc5
21. Rxe8+ Rxe8 22. Rd1 Na4 23. Nxa4 Qxa4 24. d6 Qd7 25. Rc1 h6 26. Rc7 Qb5 27.
Bd2 Rd8 28. Rxa7 Rxd6 29. Bb4 Rd7 30. Ra8+ Kh7 31. Bc3 Rd6 32. Ra7 Kg6 33. Rb7
h5 34. Bb4 Rd5 35. Re7 Rf5 36. Qe2 Qc6+ 37. f3 Nd5 38. Re4 Nxb4 39. Rxb4 Rc5
40. Qe4+ Qxe4 41. fxe4 b5 42. Kf3 Kf6 43. Rb3 Ke6 44. Rc3 Re5 45. Rc7 g6 46. b4
f5 47. Rc6+ Kf7 48. Rc5 fxe4+ 49. Ke3 Ke6 50. Rc6+ Kf5 51. Rd6 Re7 52. h3 Ra7
53. Rd5+ Kf6 54. Kxe4 Rxa3 55. Kf4 Rb3 56. Rd6+ Kf7 57. Rd4 Kf6 58. h4 1/2-1/2

[Event "42. Open Ciutat de Badalona 2016"]
[Site "Badalona ESP"]
[Date "2016.08.02"]
[Round "1.9"]
[White "Asensio Linan, Teodoro"]
[Black "Arenas, David"]
[Result "0-1"]
[WhiteElo "2113"]
[BlackElo "2490"]
[PlyCount "72"]
[EventDate "2016.08.02"]
[EventType "swiss"]
[EventRounds "9"]
[EventCountry "ESP"]
[SourceTitle "Ajedrez en Madrid"]
[Source "lmi"]
[SourceDate "2016.08.02"]
[SourceVersion "1"]
[SourceVersionDate "2018.07.18"]
[SourceQuality "1"]

1. e4 c5 2. Nf3 Nf6 3. d4 d6 4. Nc3 cxd4 5. Nxd4 g6 6. Be3 Bg7 7. Be2 Nbd7 8.
f4 Qc7 9. a4 O-O 10. O-O a6 11. a5 b5 12. axb6 Nxb6 13. Qd3 e5 14. Nb3 Rd8 15.
Na4 Nxa4 16. Rxa4 d5 17. fxe5 Nxe4 18. Rxe4 dxe4 19. Qxe4 Bf5 20. Qf3 Bxe5 21.
Nd4 Rxd4 22. Qxa8+ Rd8 23. Qxa6 Qxc2 24. Bg5 Rb8 25. Rd1 Qxb2 26. Bf3 Be6 27.
Bh6 Qb4 28. h3 Qh4 29. Be3 Qg3 30. Qd3 Bxh3 31. Bh6 Qh2+ 32. Kf1 Bxg2+ 33. Bxg2
Qxh6 34. Bd5 Qf4+ 35. Kg1 Rb2 36. Qf3 Bd4+ 0-1

[Event "42. Open Ciutat de Badalona 2016"]
[Site "Badalona ESP"]
[Date "2016.08.02"]
[Round "1.10"]
[White "Alvarez Pedraza, Aramis"]
[Black "Martin Perez, Laura"]
[Result "1-0"]
[WhiteElo "2483"]
[BlackElo "2113"]
[PlyCount "93"]
[EventDate "2016.08.02"]
[EventType "swiss"]
[EventRounds "9"]
[EventCountry "ESP"]
[SourceTitle "Ajedrez en Madrid"]
[Source "lmi"]
[SourceDate "2016.08.02"]
[SourceVersion "1"]
[SourceVersionDate "2018.07.18"]
[SourceQuality "1"]

1. Nf3 c5 2. b3 Nc6 3. Bb2 Nf6 4. c4 g6 5. Bxf6 exf6 6. Nc3 Bg7 7. g3 d6 8. Bg2
O-O 9. O-O f5 10. Ne1 Rb8 11. Nd3 a6 12. Nf4 Bd7 13. a4 Nd4 14. e3 Ne6 15. Nfd5
Nc7 16. Nxc7 Qxc7 17. Nd5 Qd8 18. Rb1 b5 19. axb5 axb5 20. Qc2 Re8 21. Qa2 Be6
22. Qa6 b4 23. Rbd1 Bxd5 24. Bxd5 Qb6 25. Qa2 Re7 26. Qc2 Rbe8 27. Qd3 Ra7 28.
f4 Qd8 29. h3 Rf8 30. Rf2 Ra1 31. Rxa1 Bxa1 32. g4 fxg4 33. hxg4 Qh4 34. Qe2
Bg7 35. g5 Qh3 36. Qd3 Qg4+ 37. Rg2 Qd1+ 38. Kf2 Bc3 39. Kg3 Re8 40. Bf3 Qe1+
41. Rf2 Re6 42. Kg2 Qc1 43. dxc3 Rxe3 44. Qd2 Rxc3 45. Qxc1 Rxc1 46. Rd2 Rc3
47. Bd1 1-0

[Event "42. Open Ciutat de Badalona 2016"]
[Site "Badalona ESP"]
[Date "2016.08.02"]
[Round "1.11"]
[White "Garcia Acosta, Roger"]
[Black "Neelotpal, Das"]
[Result "0-1"]
[WhiteElo "2104"]
[BlackElo "2472"]
[PlyCount "70"]
[EventDate "2016.08.02"]
[EventType "swiss"]
[EventRounds "9"]
[EventCountry "ESP"]
[SourceTitle "Ajedrez en Madrid"]
[Source "lmi"]
[SourceDate "2016.08.02"]
[SourceVersion "1"]
[SourceVersionDate "2018.07.18"]
[SourceQuality "1"]

1. e4 e5 2. Nf3 Nc6 3. Bb5 a6 4. Ba4 Nf6 5. O-O Be7 6. Re1 b5 7. Bb3 O-O 8. h3
Bb7 9. c3 d5 10. exd5 Nxd5 11. d3 Qd6 12. Nbd2 Rad8 13. Ne4 Qg6 14. Qe2 f5 15.
Ng3 Kh8 16. a4 Bf6 17. axb5 axb5 18. d4 exd4 19. Qxb5 Nb6 20. Bf4 dxc3 21. Bxc7
cxb2 22. Rab1 f4 23. Qxb6 fxg3 24. fxg3 Rde8 25. Qxb7 Rxe1+ 26. Rxe1 b1=Q 27.
Rxb1 Qxb1+ 28. Kh2 Nd4 29. Nd2 Qe1 30. Bf4 g5 31. Qb4 Nf3+ 32. gxf3 Re8 33. Bc4
gxf4 34. gxf4 Qf2+ 35. Kh1 Bd4 0-1

[Event "42. Open Ciutat de Badalona 2016"]
[Site "Badalona ESP"]
[Date "2016.08.03"]
[Round "2.1"]
[White "Cordova, Emilio"]
[Black "Diaz Camallonga, Carles"]
[Result "1-0"]
[WhiteElo "2627"]
[BlackElo "2336"]
[PlyCount "114"]
[EventDate "2016.08.02"]
[EventType "swiss"]
[EventRounds "9"]
[EventCountry "ESP"]
[SourceTitle "Ajedrez en Madrid"]
[Source "lmi"]
[SourceDate "2016.08.02"]
[SourceVersion "1"]
[SourceVersionDate "2018.07.18"]
[SourceQuality "1"]

1. d4 e6 2. Nf3 Nf6 3. c4 Bb4+ 4. Nc3 O-O 5. Bg5 d6 6. e3 Qe7 7. Bd3 e5 8. Nd2
Bxc3 9. bxc3 Nbd7 10. O-O Re8 11. Bh4 h6 12. Kh1 g5 13. Bg3 b6 14. f4 gxf4 15.
Bh4 Qf8 16. Bf5 Qg7 17. Rf3 Nf8 18. Bxc8 Raxc8 19. exf4 exf4 20. Rxf4 N6h7 21.
Ne4 Ng6 22. Nf6+ Kh8 23. Nxh7 Nxh4 24. Rxh4 Kxh7 25. Qf3 Re6 26. Rf1 Rce8 27.
h3 R8e7 28. Rf4 a5 29. Rxf7 Rxf7 30. Qxf7 Re7 31. Qf3 Qg6 32. a4 Qe6 33. Kh2
Rg7 34. Qd3+ Qg6 35. Qxg6+ Kxg6 36. Re1 Kf6 37. g3 h5 38. Kg2 Rg5 39. Re8 Rg7
40. Kf3 Kf7 41. Rc8 Kf6 42. Rf8+ Kg6 43. Kf4 Re7 44. Rg8+ Kh6 45. Rc8 Kg6 46.
c5 bxc5 47. dxc5 d5 48. Kf3 Re4 49. Rxc7 Rxa4 50. Ke3 Rc4 51. Kd3 Kf5 52. c6 a4
53. Rh7 a3 54. Rxh5+ Ke6 55. Rh8 Ke5 56. Re8+ Kf5 57. g4+ Kg5 1-0

[Event "42. Open Ciutat de Badalona 2016"]
[Site "Badalona ESP"]
[Date "2016.08.03"]
[Round "2.2"]
[White "Perpinya Rofes, Lluis Maria"]
[Black "Peralta, Fernando"]
[Result "1/2-1/2"]
[WhiteElo "2341"]
[BlackElo "2587"]
[PlyCount "74"]
[EventDate "2016.08.02"]
[EventType "swiss"]
[EventRounds "9"]
[EventCountry "ESP"]
[SourceTitle "Ajedrez en Madrid"]
[Source "lmi"]
[SourceDate "2016.08.02"]
[SourceVersion "1"]
[SourceVersionDate "2018.07.18"]
[SourceQuality "1"]

1. e4 e6 2. d4 d5 3. Nc3 Nf6 4. e5 Nfd7 5. f4 c5 6. Nf3 Be7 7. Be3 b6 8. g3 Nc6
9. Qd2 O-O 10. Bg2 Ba6 11. Ne2 Rc8 12. O-O cxd4 13. Nfxd4 Nxd4 14. Bxd4 Qc7 15.
Rac1 Bc5 16. Rf2 Nb8 17. Re1 Bxe2 18. Rexe2 Bxd4 19. Qxd4 Qc5 20. Qd3 Nc6 21.
c3 b5 22. f5 exf5 23. Qxd5 Ne7 24. Qxc5 Rxc5 25. e6 Rd8 26. Rd2 Rxd2 27. exf7+
Kxf7 28. Rxd2 Ke6 29. Kf2 a5 30. a3 Nc8 31. Rd8 Nd6 32. Rb8 a4 33. Bf1 g5 34.
Rh8 Rc7 35. Rb8 Rc5 36. Rh8 Rc7 37. Rb8 Ke5 1/2-1/2

[Event "42. Open Ciutat de Badalona 2016"]
[Site "Badalona ESP"]
[Date "2016.08.03"]
[Round "2.3"]
[White "Ortiz Suarez, Isan Reynaldo"]
[Black "Mestre Bellido, Hector"]
[Result "1-0"]
[WhiteElo "2564"]
[BlackElo "2302"]
[PlyCount "71"]
[EventDate "2016.08.02"]
[EventType "swiss"]
[EventRounds "9"]
[EventCountry "ESP"]
[SourceTitle "Ajedrez en Madrid"]
[Source "lmi"]
[SourceDate "2016.08.02"]
[SourceVersion "1"]
[SourceVersionDate "2018.07.18"]
[SourceQuality "1"]

1. e4 e5 2. Nf3 Nc6 3. Bc4 Bc5 4. O-O Nf6 5. d3 d6 6. c3 a6 7. a4 Be6 8. Na3
O-O 9. b4 Ba7 10. Bg5 h6 11. Bh4 g5 12. Bg3 Bg4 13. Kh1 Qd7 14. Nc2 d5 15. exd5
Nxd5 16. b5 Na5 17. Nxe5 Bxd1 18. Nxd7 Bxc2 19. Bxd5 Rfd8 20. Nf6+ Kg7 21. Be5
Bxd3 22. Rfd1 Bc4 23. Be4 Nb3 24. Rab1 Nc5 25. Nd7+ Kg8 26. Nxc5 Bxc5 27. Bxb7
Rxd1+ 28. Rxd1 Re8 29. Bd4 Bxd4 30. cxd4 axb5 31. a5 b4 32. a6 b3 33. a7 b2 34.
Bc6 Bb3 35. Rg1 Rd8 36. Rb1 1-0

[Event "42. Open Ciutat de Badalona 2016"]
[Site "Badalona ESP"]
[Date "2016.08.03"]
[Round "2.4"]
[White "Cruz, Cristhian"]
[Black "Bru Rullo, Llatzer"]
[Result "0-1"]
[WhiteElo "2533"]
[BlackElo "2270"]
[PlyCount "119"]
[EventDate "2016.08.02"]
[EventType "swiss"]
[EventRounds "9"]
[EventCountry "ESP"]
[SourceTitle "Ajedrez en Madrid"]
[Source "lmi"]
[SourceDate "2016.08.02"]
[SourceVersion "1"]
[SourceVersionDate "2018.07.18"]
[SourceQuality "1"]

1. Nf3 Nf6 2. c4 e6 3. Nc3 Bb4 4. Qc2 O-O 5. a3 Bxc3 6. Qxc3 b6 7. e3 Bb7 8.
Be2 d6 9. b4 Nbd7 10. Bb2 Qe7 11. O-O e5 12. d4 Rfe8 13. Rfd1 a5 14. Qc2 Be4
15. Qb3 h6 16. Rac1 axb4 17. axb4 Qe6 18. d5 Qe7 19. Nd2 Bg6 20. Nb1 Bxb1 21.
Rxb1 e4 22. Bd4 Nh7 23. Qc3 Ne5 24. Ra1 Rxa1 25. Rxa1 Nf8 26. Ra7 Nfg6 27. Qc2
f5 28. g3 Qd7 29. Qa4 Qxa4 30. Rxa4 Nf3+ 31. Bxf3 exf3 32. Ra7 Re7 33. Rb7 Kf7
34. Kf1 Nf8 35. Ke1 Nh7 36. h4 Nf6 37. Bxf6 Kxf6 38. Kd2 g5 39. Rb8 Rh7 40.
Rf8+ Kg6 41. Rg8+ Kh5 42. e4 fxe4 43. Ke3 Kg4 44. Re8 Kf5 45. Rf8+ Kg4 46. Re8
Kh3 47. hxg5 hxg5 48. Rxe4 Kg2 49. Re8 Rh1 50. Rc8 Re1+ 51. Kd2 Kxf2 52. Rxc7
Re5 53. Rd7 Kxg3 54. Rxd6 Re4 55. Kd3 Rf4 56. Rh6 f2 57. Rh1 f1=Q+ 58. Rxf1
Rxf1 59. Ke4 Rc1 60. Ke5 0-1

[Event "42. Open Ciutat de Badalona 2016"]
[Site "Badalona ESP"]
[Date "2016.08.03"]
[Round "2.5"]
[White "Lang, Torsten"]
[Black "Gonzalez Garcia, Jose"]
[Result "0-1"]
[WhiteElo "2327"]
[BlackElo "2498"]
[PlyCount "64"]
[EventDate "2016.08.02"]
[EventType "swiss"]
[EventRounds "9"]
[EventCountry "ESP"]
[SourceTitle "Ajedrez en Madrid"]
[Source "lmi"]
[SourceDate "2016.08.02"]
[SourceVersion "1"]
[SourceVersionDate "2018.07.18"]
[SourceQuality "1"]

1. d4 e6 2. Nf3 Nf6 3. Bf4 c5 4. e3 Nc6 5. c3 Be7 6. h3 d5 7. Nbd2 Bd6 8. Bxd6
Qxd6 9. Bb5 O-O 10. O-O Bd7 11. Bxc6 Bxc6 12. Ne5 Nd7 13. Nxd7 Bxd7 14. Qb3 b6
15. Rfd1 a5 16. Qa3 Rfc8 17. c4 a4 18. e4 Bc6 19. cxd5 exd5 20. e5 Qf8 21. Qg3
a3 22. b3 Bb5 23. dxc5 Qxc5 24. Nf3 Be2 25. Rd2 Qc3 26. Rad1 Bxd1 27. Rxd1 Qc2
28. Rd2 Qb1+ 29. Kh2 Rc1 30. Qg4 Qe4 31. Qh5 Qf4+ 32. g3 Qe4 0-1

[Event "42. Open Ciutat de Badalona 2016"]
[Site "Badalona ESP"]
[Date "2016.08.03"]
[Round "2.6"]
[White "Vera Siguenas, Deivy"]
[Black "Gomez Jurado, Luis Alberto"]
[Result "1/2-1/2"]
[WhiteElo "2496"]
[BlackElo "2266"]
[PlyCount "118"]
[EventDate "2016.08.02"]
[EventType "swiss"]
[EventRounds "9"]
[EventCountry "ESP"]
[SourceTitle "Ajedrez en Madrid"]
[Source "lmi"]
[SourceDate "2016.08.02"]
[SourceVersion "1"]
[SourceVersionDate "2018.07.18"]
[SourceQuality "1"]

1. e4 c6 2. d4 d5 3. Nc3 dxe4 4. Nxe4 Bf5 5. Ng3 Bg6 6. h4 h6 7. Nf3 Nd7 8. h5
Bh7 9. Bd3 Bxd3 10. Qxd3 e6 11. Bf4 Qa5+ 12. Bd2 Bb4 13. c3 Be7 14. c4 Qc7 15.
d5 cxd5 16. cxd5 Qd6 17. Qb3 Ngf6 18. dxe6 Qxe6+ 19. Qxe6 fxe6 20. O-O Kf7 21.
Rfe1 Rhe8 22. Bc3 Bd6 23. Ne4 Nxe4 24. Rxe4 Nf6 25. Rd4 Rad8 26. Rad1 Nd5 27.
Be1 Bc7 28. Rc4 Bb8 29. g4 e5 30. Rc5 Nf6 31. Rxd8 Rxd8 32. g5 hxg5 33. Nxe5+
Bxe5 34. Rxe5 Re8 35. Rxe8 Kxe8 36. Bd2 g4 37. h6 gxh6 38. Bxh6 Ne4 39. Kf1 Kd7
40. Ke2 Ke6 41. Bf4 a6 42. Ke3 Kd5 43. Bb8 Nc5 44. Ba7 Ne6 45. Bb6 Kc6 46. Bd4
Kd5 47. Bf6 a5 48. Be7 b5 49. Bf6 a4 50. Bc3 Nc5 51. Bb4 Ne6 52. Ba5 Ke5 53.
Bb6 Kd5 54. Ba7 Ke5 55. Kd3 Kd5 56. Be3 Nd8 57. Bb6 Ne6 58. Be3 Nd8 59. Bb6 Ne6
1/2-1/2

[Event "42. Open Ciutat de Badalona 2016"]
[Site "Badalona ESP"]
[Date "2016.08.03"]
[Round "2.7"]
[White "Arenas, David"]
[Black "Hernandez Moya, Yuleisy"]
[Result "1-0"]
[WhiteElo "2490"]
[BlackElo "2239"]
[PlyCount "69"]
[EventDate "2016.08.02"]
[EventType "swiss"]
[EventRounds "9"]
[EventCountry "ESP"]
[SourceTitle "Ajedrez en Madrid"]
[Source "lmi"]
[SourceDate "2016.08.02"]
[SourceVersion "1"]
[SourceVersionDate "2018.07.18"]
[SourceQuality "1"]

1. e4 c5 2. Nf3 e6 3. c3 Nf6 4. e5 Nd5 5. d4 cxd4 6. cxd4 d6 7. a3 Be7 8. Bd3
O-O 9. O-O b6 10. Qc2 g6 11. Bh6 Re8 12. Nbd2 Ba6 13. Bxa6 Nxa6 14. Ne4 dxe5
15. Nxe5 Qc7 16. Qe2 Qb7 17. h4 f5 18. Qf3 Rab8 19. Ng5 Bf6 20. Rfe1 Bg7 21.
Bxg7 Kxg7 22. Rac1 h6 23. Ngf7 Rec8 24. Qg3 Ne7 25. Qe3 Ng8 26. Nd6 Rxc1 27.
Nxb7 Rxe1+ 28. Qxe1 Rxb7 29. Nc6 Rd7 30. Qxe6 Nf6 31. Qe5 Nc7 32. h5 Ncd5 33.
hxg6 Kxg6 34. Qe6 Nf4 35. Ne7+ 1-0

[Event "42. Open Ciutat de Badalona 2016"]
[Site "Badalona ESP"]
[Date "2016.08.03"]
[Round "2.8"]
[White "Herrera Reyes, Jose Antonio"]
[Black "Alvarez Pedraza, Aramis"]
[Result "1/2-1/2"]
[WhiteElo "2290"]
[BlackElo "2483"]
[PlyCount "32"]
[EventDate "2016.08.02"]
[EventType "swiss"]
[EventRounds "9"]
[EventCountry "ESP"]
[SourceTitle "Ajedrez en Madrid"]
[Source "lmi"]
[SourceDate "2016.08.02"]
[SourceVersion "1"]
[SourceVersionDate "2018.07.18"]
[SourceQuality "1"]

1. Nf3 Nf6 2. g3 b6 3. Bg2 Bb7 4. O-O e6 5. d3 d5 6. Nbd2 g6 7. b3 Bg7 8. Ba3
c5 9. b4 cxb4 10. Bxb4 Nc6 11. Ba3 Ne7 12. c4 O-O 13. Rc1 Re8 14. cxd5 Nexd5
15. Nc4 Bf8 16. Bxf8 Rxf8 1/2-1/2

[Event "42. Open Ciutat de Badalona 2016"]
[Site "Badalona ESP"]
[Date "2016.08.03"]
[Round "2.9"]
[White "Neelotpal, Das"]
[Black "Garcia Ramos, Daniel"]
[Result "1-0"]
[WhiteElo "2472"]
[BlackElo "2238"]
[PlyCount "45"]
[EventDate "2016.08.02"]
[EventType "swiss"]
[EventRounds "9"]
[EventCountry "ESP"]
[SourceTitle "Ajedrez en Madrid"]
[Source "lmi"]
[SourceDate "2016.08.02"]
[SourceVersion "1"]
[SourceVersionDate "2018.07.18"]
[SourceQuality "1"]

1. e4 c5 2. Nf3 e6 3. d4 cxd4 4. Nxd4 a6 5. Nc3 Qc7 6. Be2 Bb4 7. O-O Nf6 8.
Qd3 O-O 9. Bg5 Bxc3 10. bxc3 Qe5 11. f4 Qxe4 12. Qg3 Nd5 13. f5 Nxc3 14. Qxc3
e5 15. Be3 exd4 16. Bxd4 Nc6 17. Bxg7 Re8 18. Kh1 d5 19. Bf6 Qe3 20. Bd3 d4 21.
Qc5 Qh6 22. Qd6 Re3 23. Rf4 1-0

[Event "42. Open Ciutat de Badalona 2016"]
[Site "Badalona ESP"]
[Date "2016.08.03"]
[Round "2.10"]
[White "Perez Mitjans, Orelvis"]
[Black "Chirivi C, Jenny Astrid"]
[Result "1-0"]
[WhiteElo "2457"]
[BlackElo "2230"]
[PlyCount "89"]
[EventDate "2016.08.02"]
[EventType "swiss"]
[EventRounds "9"]
[EventCountry "ESP"]
[SourceTitle "Ajedrez en Madrid"]
[Source "lmi"]
[SourceDate "2016.08.02"]
[SourceVersion "1"]
[SourceVersionDate "2018.07.18"]
[SourceQuality "1"]

1. e4 c5 2. Nf3 e6 3. g3 Nc6 4. Bg2 Nf6 5. d3 d6 6. O-O Be7 7. c3 O-O 8. Re1 e5
9. h3 Qb6 10. Na3 Re8 11. Nc4 Qc7 12. Ne3 Bf8 13. g4 g6 14. g5 Nh5 15. Nd5 Qd8
16. Nh2 Ne7 17. Ng4 Nxd5 18. exd5 Bxg4 19. Qxg4 f5 20. gxf6 Qxf6 21. a4 Bg7 22.
a5 Rf8 23. Qe6+ Kh8 24. Qxf6 Rxf6 25. c4 Raf8 26. Be3 Nf4 27. Ra3 Bh6 28. Bf1
Bg5 29. b4 cxb4 30. Rb3 Bh4 31. Rxb4 b6 32. axb6 axb6 33. Ra1 g5 34. Rxb6 Ng6
35. Ra2 R8f7 36. d4 Kg7 37. c5 dxc5 38. dxc5 Ne7 39. Rxf6 Kxf6 40. Ra6+ Kg7 41.
Ra7 g4 42. d6 Nc6 43. Rc7 Nd4 44. Bxd4 exd4 45. Bc4 1-0